000 00357nam a22001097a 4500
999 _c259146
_d259145
020 _a0534561063
100 _a Carl Hausman (Author), Philip Benoit (Author), Lewis B. O’Donnell (Author)
245 _aModern radio production : production, programming, and performance
250 _a5th ed
260 _aBelmont, CA
_bWadsworth Pub. Co
_c2000
942 _cBK